00650 2200181 4500245005200000020002200052250001100074100002700085700001700112650001700129005001900146260002800165041001400193084000800207300002700215500021700242336000900459 aKenangan TerindahcTri Okta Hesti NingrumhText a978-602-398-025-3 aCet. 1 aTri Okta Hesti Ningrum aTim Euthenia aNovel Remaja a20231010110322 aJakartabEutheniac2017 aIndonesia a813 aiv, 176 hlm. :c19 cm. aJika perasaan mudah berubah, kuharao tidak dengan cinta.Angkasa, akankah kita bertemu kembali?Tiga tahun telah berlalu, namun semua yang ada masih terjaga dengan sempurna dan apa yang ada dihati masih tetap utuh. atext